000 00623nam a2200229Ia 4500
003 OSt
005 20221007080526.0
006 a|||||r|||| 00| 0
007 ta
008 221006b |||||||| |||| 00| 0 eng d
024 _a14,056
037 _cTextual
040 _aFLL
_cFLL
_beng
041 _2eng
_aeng
082 _aX:321:Z2, N3
100 _aChandratre K.R. Au.
_9693384
245 0 _aHandbook of consumer protection law
260 _aNew Delhi
_bVidhi Publishing India
_c1993
300 _a498p
_ccm.
942 _hX:321:Z2, N3
_cTEXL
_2CC
999 _c1159966
_d1159966